Culture générale - numéro 5 - Statistiques

Statistiques générales
  • Ce quiz a été pris 200 fois
  • Le résultat moyen est 9 sur 15
Statistiques - réponses
Question Réponse % Correct
Combien de femmes sont inhumées au Panthéon à Paris? 6
86%
Quel avion de ligne supersonique à été mis en service pour la première fois en 1976? Le concorde
77%
Qui est l'auteur du Seigneur des anneaux? J.R.R. Tolkien
73%
Quel pays actuel remplace principalement la Mésopotamie? Irak
68%
Quel est le nom du chien appartenant à l'administration pénitentiaire dans Lucky Luke? Rantanplan
68%
Qui a réalisé le film Oppenheimer sorti en 2023? Christopher Nolan
66%
Quels types de dinosaures sont Blue et Charlie dans Jurassic World? Des vélociraptors
59%
A quel élément chimique correspond le symbole Ga? Gallium
59%
Une oeuvre de quel artiste s'est volontairement auto-détruite lors d'une vente aux enchères? Banksy
55%
Quel unique élément chimique compose le diamant? Le carbone
54%
Quel est l'os le plus petit du corps humain Etrier
53%
Quel est le deuxième plus grand oiseau du monde après l'autruche? L'émeu
48%
De quoi à peur un thanatophobe? De la mort
46%
Quel est le nom de famille de Jonah, joueur emblématique des All-Blacks de 1994 à 2002? Lomu
40%
Quel est le plus long fleuve d'Asie? Le Yangtsé
22%
Aucun quiz correspondant
Distribution des résultats
% des personnes avec chaque résultat
Percentile par nombre de réponses
Votre historique - résultats
Vous n’avez pas pris ce quiz